Statistics for Countries That End In I

Click here to take the quiz!

General Stats

  • This quiz has been taken 64 times
  • The average score is 6 of 8

Answer Stats

Answer% Correct
Fiji
88%
Kiribati
84%
Haiti
80%
Mali
79%
Djibouti
77%
Malawi
77%
Burundi
73%
Brunei
70%

Score Distribution

Percentile by Number Answered

Percent of People with Each Score

Your Score History

You have not taken this quiz